The doctor collects; (Record no. 90875)

MARC details
000 -LEADER
fixed length control field 00607cam a22002051 4500
001 - CONTROL NUMBER
control field sg 46000317
003 - CONTROL NUMBER IDENTIFIER
control field DLC
005 - DATE AND TIME OF LATEST TRANSACTION
control field 20260227112751.0
008 - FIXED-LENGTH DATA ELEMENTS--GENERAL INFORMATION
fixed length control field 810815s1946 xx a 000 0 eng
010 ## - LIBRARY OF CONGRESS CONTROL NUMBER
LC control number sg 46000317
035 ## - SYSTEM CONTROL NUMBER
System control number (OCoLC)14752739
040 ## - CATALOGING SOURCE
Original cataloging agency DLC
Transcribing agency DNLM
Modifying agency DLC
042 ## - AUTHENTICATION CODE
Authentication code premarc
050 00 - LIBRARY OF CONGRESS CALL NUMBER
Classification number R728
Item number .D67
060 0# - NATIONAL LIBRARY OF MEDICINE CALL NUMBER
Classification number W 80
Item number D733d 1946
100 1# - MAIN ENTRY--PERSONAL NAME
Personal name Douglas, Dwight M.
245 14 - TITLE STATEMENT
Title The doctor collects;
Remainder of title a handbook of medical and dental collection procedure,
Statement of responsibility, etc. by Dwight M. Douglas.
260 ## - PUBLICATION, DISTRIBUTION, ETC.
Place of publication, distribution, etc. San Francisco, Calif.,
Name of publisher, distributor, etc. William C. Rice company
Date of publication, distribution, etc. [c1946]
300 ## - PHYSICAL DESCRIPTION
Extent 158 p.
Other physical details ill.

No items available.

Powered by Koha